[Event "Bhubaneswar op-A 14th"]
[Site "Bhubaneswar"]
[Date "2023.06.11"]
[Round "1"]
[White "Anisuzzaman, Jewel"]
[Black "Shaun, Deon Sequeira"]
[Result "0-1"]
[WhiteElo "1972"]
[BlackElo "1672"]
[PlyCount "28"]
[EventDate "2023.06.11"]
[EventType "swiss"]
[EventRounds "10"]
[EventCountry "IND"]
[SourceTitle "EXT 2024"]
[Source "ChessBase"]
[SourceDate "2023.10.10"]
[SourceVersion "1"]
[SourceVersionDate "2023.10.10"]
[SourceQuality "1"]

1. c4 e5 2. g3 c6 3. Bg2 d5 4. b3 Nf6 5. Bb2 Bd6 6. e3 0-0 7. Ne2 Bf5 8. d4 exd4 9. Qxd4 Nbd7 10. Nbc3 Be5 11. Qd2 Nc5 12. 0-0 dxc4 13. Qxd8 Rfxd8 14. Ba3 Nce4 0-1

[Event "BAN-chT 1st League"]
[Site "Dhaka"]
[Date "2022.03.10"]
[Round "1.1"]
[White "Anisuzzaman, Jewel"]
[Black "Mahmood, Nasir Uddin"]
[Result "1-0"]
[WhiteElo "1936"]
[BlackElo "1898"]
[PlyCount "68"]
[EventDate "2022.03.10"]
[EventType "team-tourn"]
[EventRounds "11"]
[EventCountry "BAN"]
[SourceTitle "EXT 2023"]
[Source "ChessBase"]
[SourceDate "2022.10.05"]
[SourceVersion "1"]
[SourceVersionDate "2022.10.05"]
[SourceQuality "1"]
[WhiteTeam "Palli Sanchoy Bank"]
[BlackTeam "Agrani Bank Daba Dal"]
[WhiteTeamCountry "BAN"]
[BlackTeamCountry "BAN"]

1. Nf3 d5 2. g3 Bf5 3. Bg2 h6 4. 0-0 e6 5. c4 c6 6. Nc3 Nf6 7. d3 Nbd7 8. Re1 Be7 9. e4 dxe4 10. dxe4 Bg4 11. e5 Nh7 12. Qd4 Bf5 13. Be3 0-0 14. Ne4 Bxe4 15. Qxe4 Bc5 16. Bd2 Qb6 17. Re2 a5 18. Bc3 Rad8 19. Qg4 Bb4 20. Bd4 Bc5 21. Rd1 Bxd4 22. Rxd4 Qc7 23. Red2 Nc5 24. Rd6 Rxd6 25. Rxd6 Nd7 26. Qd4 Nb8 27. c5 Re8 28. Nd2 Nf8 29. Nc4 Ng6 30. Qd2 Ne7 31. Qxa5 Na6 32. Nb6 Nd5 33. Bf1 Nb8 34. b4 Rf8 1-0

[Event "Dhaka Walton op"]
[Site "Dhaka"]
[Date "2021.06.16"]
[Round "2"]
[White "Anisuzzaman, Jewel"]
[Black "Mohammad, Javed"]
[Result "1/2-1/2"]
[WhiteElo "1857"]
[BlackElo "2089"]
[PlyCount "58"]
[EventDate "2021.06.15"]
[EventType "swiss"]
[EventRounds "9"]
[EventCountry "BAN"]
[SourceTitle "EXT 2022"]
[Source "ChessBase"]
[SourceDate "2021.10.06"]
[SourceVersion "1"]
[SourceVersionDate "2021.10.06"]
[SourceQuality "1"]

1. Nf3 Nf6 2. g3 d5 3. Bg2 c6 4. 0-0 Nbd7 5. d3 e5 6. Nbd2 Bc5 7. e4 dxe4 8. dxe4 Qc7 9. Nh4 0-0 10. Nb3 Bb6 11. Nf5 Nc5 12. Nxc5 Bxc5 13. Bg5 Bxf5 14. exf5 Be7 15. Bxf6 Bxf6 16. Be4 Rfd8 17. Qe2 Rd4 18. Rfd1 Rad8 19. c3 R4d6 20. Bc2 b5 21. Rxd6 Qxd6 22. Rd1 Qc5 23. Qe3 Rxd1+ 24. Bxd1 Qd6 25. Bc2 a5 26. Qd3 Qe7 27. Kf1 h6 28. a4 b4 29. c4 c5 1/2-1/2

[Event "BAN-chT 1st League"]
[Site "Dhaka"]
[Date "2021.03.06"]
[Round "10.1"]
[White "Ratan, Kumar Paul"]
[Black "Anisuzzaman, Jewel"]
[Result "1-0"]
[WhiteElo "1719"]
[BlackElo "1857"]
[PlyCount "97"]
[EventDate "2021.02.25"]
[EventType "team-tourn"]
[EventRounds "11"]
[EventCountry "BAN"]
[SourceTitle "EXT 2022"]
[Source "ChessBase"]
[SourceDate "2021.10.06"]
[SourceVersion "1"]
[SourceVersionDate "2021.10.06"]
[SourceQuality "1"]
[WhiteTeam "Morning Glory"]
[BlackTeam "Khelaghor Daba Sangah"]
[WhiteTeamCountry "BAN"]
[BlackTeamCountry "BAN"]

1. e4 d5 2. exd5 Qxd5 3. Nc3 Qd6 4. Nf3 Nf6 5. Be2 Bf5 6. 0-0 e6 7. d3 c6 8. b3 Nbd7 9. a4 Qc7 10. Bb2 Bd6 11. h3 0-0 12. Nh4 Rfe8 13. Bf3 Bb4 14. Re1 Qf4 15. Nxf5 exf5 16. Re2 Rxe2 17. Qxe2 Re8 18. Qd1 a5 19. Ne2 Qh4 20. c3 Bd6 21. Qd2 Nd5 22. Bxd5 cxd5 23. Nd4 g6 24. Re1 Rd8 25. Qe3 Qf4 26. Qxf4 Bxf4 27. g3 Be5 28. Nf3 Bf6 29. d4 Nf8 30. Ne5 Bxe5 31. dxe5 Ne6 32. b4 Kf8 33. bxa5 Ke8 34. Ba3 Kd7 35. Bd6 Rc8 36. Rb1 Kc6 37. Rb6+ Kd7 38. Rxb7+ Nc7 39. Kf1 Kc6 40. Rxc7+ Rxc7 41. Bxc7 Kxc7 42. Ke2 Kb7 43. Kd3 Ka6 44. Kd4 Kxa5 45. Kxd5 Kxa4 46. c4 Ka5 47. c5 Ka6 48. Kd6 Kb7 49. Kd7 1-0

[Event "BAN-chT 1st League"]
[Site "Dhaka"]
[Date "2021.02.28"]
[Round "4.1"]
[White "Ahmed, Feroz"]
[Black "Anisuzzaman, Jewel"]
[Result "0-1"]
[WhiteElo "1959"]
[BlackElo "1857"]
[PlyCount "46"]
[EventDate "2021.02.25"]
[EventType "team-tourn"]
[EventRounds "11"]
[EventCountry "BAN"]
[SourceTitle "EXT 2022"]
[Source "ChessBase"]
[SourceDate "2021.10.06"]
[SourceVersion "1"]
[SourceVersionDate "2021.10.06"]
[SourceQuality "1"]
[WhiteTeam "Sultana Kamal Smirity Pathagar"]
[BlackTeam "Khelaghor Daba Sangah"]
[WhiteTeamCountry "BAN"]
[BlackTeamCountry "BAN"]

1. c4 Nf6 2. g3 e6 3. Bg2 d5 4. Nf3 Be7 5. 0-0 0-0 6. d4 dxc4 7. Qc2 a6 8. a4 b6 9. Qxc4 Bb7 10. Nc3 b5 11. Qd3 b4 12. Nb1 c5 13. Be3 Be4 14. Qd1 Nbd7 15. Nbd2 Bd5 16. b3 Rc8 17. Qb1 Qb6 18. Rd1 Qb7 19. Ra2 a5 20. Qd3 Qa7 21. Bg5 cxd4 22. Qb1 h6 23. Bxf6 Bxf6 0-1

[Event "BAN-chT 1st League"]
[Site "Dhaka"]
[Date "2021.02.26"]
[Round "2.1"]
[White "Hasan, Eunus"]
[Black "Anisuzzaman, Jewel"]
[Result "1-0"]
[WhiteElo "2087"]
[BlackElo "1857"]
[PlyCount "47"]
[EventDate "2021.02.25"]
[EventType "team-tourn"]
[EventRounds "11"]
[EventCountry "BAN"]
[SourceTitle "EXT 2022"]
[Source "ChessBase"]
[SourceDate "2021.10.06"]
[SourceVersion "1"]
[SourceVersionDate "2021.10.06"]
[SourceQuality "1"]
[WhiteTeam "Mir CC"]
[BlackTeam "Khelaghor Daba Sangah"]
[WhiteTeamCountry "BAN"]
[BlackTeamCountry "BAN"]

1. e4 e6 2. d4 d5 3. Nc3 dxe4 4. Nxe4 Nd7 5. Nf3 Ngf6 6. Nxf6+ Nxf6 7. Bd3 Be7 8. 0-0 0-0 9. Ne5 c5 10. dxc5 Bxc5 11. Qe2 b6 12. Bg5 Bb7 13. Rad1 Qc7 14. Bxf6 gxf6 15. Bxh7+ Kh8 16. Qh5 Kg7 17. Qg4+ Kh8 18. Qh4 Kg7 19. Qg3+ Kxh7 20. Qh4+ Kg7 21. Qg4+ Kh8 22. Rd3 Be4 23. Rh3+ Bh7 24. Qh4 1-0

[Event "BAN-ch Morning Glory Online"]
[Site "Chess.com INT"]
[Date "2020.10.30"]
[Round "5"]
[White "Anisuzzaman, Jewel"]
[Black "Uddin, Saif"]
[Result "1-0"]
[WhiteElo "2006"]
[BlackElo "2118"]
[PlyCount "79"]
[EventDate "2020.10.29"]
[EventType "swiss"]
[EventRounds "9"]
[EventCountry "BAN"]
[SourceTitle "EXT 2022"]
[Source "ChessBase"]
[SourceDate "2021.10.06"]
[SourceVersion "1"]
[SourceVersionDate "2021.10.06"]
[SourceQuality "1"]

1. Nf3 d5 2. g3 Nd7 3. Bg2 Ngf6 4. 0-0 g6 5. d3 Bg7 6. c4 c6 7. Nc3 0-0 8. Qc2 e5 9. b3 d4 10. Ne4 Nxe4 11. dxe4 Nc5 12. Ba3 b6 13. Ne1 Re8 14. Bxc5 bxc5 15. Nd3 Bf8 16. f4 f6 17. Qd2 a5 18. Nb2 Be6 19. Na4 Qc7 20. Rf2 exf4 21. gxf4 Kh8 22. Raf1 Bf7 23. Qd3 Rad8 24. Kh1 Rb8 25. Qh3 Rb4 26. Qh4 Qe7 27. e5 Rc8 28. exf6 Qc7 29. f5 Qe5 30. Bh3 Rc7 31. Rg2 Kg8 32. fxg6 Bxg6 33. Bf5 Kf7 34. Bxg6+ hxg6 35. Qh7+ Ke8 36. Qxg6+ Kd7 37. Qg8 Rc8 38. Qh7+ Kd8 39. Rg8 Qd6 40. Qf7 1-0

[Event "BAN-ch Morning Glory Online"]
[Site "Chess.com INT"]
[Date "2020.10.29"]
[Round "1"]
[White "Anisuzzaman, Jewel"]
[Black "Md, Sharif Hossain"]
[Result "1/2-1/2"]
[WhiteElo "2006"]
[BlackElo "2254"]
[PlyCount "143"]
[EventDate "2020.10.29"]
[EventType "swiss"]
[EventRounds "9"]
[EventCountry "BAN"]
[SourceTitle "EXT 2022"]
[Source "ChessBase"]
[SourceDate "2021.10.06"]
[SourceVersion "1"]
[SourceVersionDate "2021.10.06"]
[SourceQuality "1"]

1. Nf3 c5 2. g3 Nc6 3. Bg2 d6 4. 0-0 e5 5. d3 Be7 6. e4 Be6 7. c3 Qd7 8. d4 Bh3 9. dxe5 Bxg2 10. Kxg2 Nxe5 11. Nxe5 dxe5 12. Qxd7+ Kxd7 13. Be3 Nf6 14. f3 Kc6 15. Rd1 Rhd8 16. Na3 b5 17. Kf2 a5 18. Ke2 h6 19. Rxd8 Rxd8 20. Rd1 Nd7 21. c4 b4 22. Nb5 Ra8 23. Rd5 a4 24. b3 f6 25. h4 Nf8 26. h5 Ne6 27. g4 axb3 28. axb3 Nd4+ 29. Bxd4 Ra2+ 30. Kd3 exd4 31. e5 Rb2 32. Ke4 Re2+ 33. Kf5 Re3 34. e6 Rxf3+ 35. Kg6 f5 36. gxf5 Rxb3 37. Kxg7 Rf3 38. Kf7 Bh4 39. e7 Bxe7 40. Kxe7 Re3+ 41. Kf8 b3 42. Na3 b2 43. Nb1 Re1 44. Na3 Ra1 45. Rd8 Rxa3 46. Rb8 Ra8 47. Rxa8 b1Q 48. f6 Qb7 49. Re8 Kd6 50. f7 Qg2 51. Rb8 Kc7 52. Rb5 Qg5 53. Ra5 d3 54. Ra7+ Kd6 55. Ra6+ Ke5 56. Rg6 Qxh5 57. Kg7 Qf5 58. f8Q Qxf8+ 59. Kxf8 Kd4 60. Rg4+ Kc3 61. Ke7 d2 62. Rg1 Kxc4 63. Kd6 h5 64. Rd1 Kd3 65. Kxc5 Ke2 66. Rh1 d1Q 67. Rxd1 Kxd1 68. Kd4 Ke2 69. Ke4 Kf2 70. Kf4 Kg2 71. Kg5 Kg3 72. Kxh5 1/2-1/2

[Event "Dhaka Marcel 1st Division"]
[Site "Dhaka"]
[Date "2019.11.13"]
[Round "2.4"]
[White "Khondakar, Nazre Mowla"]
[Black "Anisuzzaman, Jewel"]
[Result "1/2-1/2"]
[WhiteElo "1864"]
[BlackElo "1852"]
[PlyCount "74"]
[EventDate "2019.11.12"]
[EventType "team-tourn"]
[EventRounds "9"]
[EventCountry "BAN"]
[SourceTitle "CBM 193 Extra"]
[Source "ChessBase"]
[SourceDate "2020.01.31"]
[SourceVersion "1"]
[SourceVersionDate "2020.01.31"]
[SourceQuality "1"]
[WhiteTeam "Debdas Biswas Smirity Sangsad"]
[BlackTeam "Khelaghar Daba Sangah"]
[WhiteTeamCountry "BAN"]
[BlackTeamCountry "BAN"]

1. e4 g6 2. d4 d6 3. Nf3 Nf6 4. Nc3 Bg7 5. Be2 0-0 6. 0-0 Na6 7. Be3 c5 8. Bxa6 cxd4 9. Nxd4 bxa6 10. Nb3 Bb7 11. f3 Qc7 12. Qe2 d5 13. exd5 Nxd5 14. Nxd5 Bxd5 15. Rfb1 Be5 16. h3 Bc4 17. Qf2 Bg3 18. Qd2 Rfd8 19. Qa5 Qxa5 20. Nxa5 Be2 21. Nc6 Rd7 22. Nd4 Bc4 23. b3 Be5 24. c3 Bd5 25. Rd1 Rad8 26. Rd3 Bb7 27. Rad1 Bb8 28. R3d2 e5 29. Ne2 Rxd2 30. Rxd2 Rxd2 31. Bxd2 f5 32. Be3 Kf7 33. Kf2 Ke6 34. f4 e4 35. Bd4 h5 36. g3 Kd7 37. Ke3 Ke6 1/2-1/2

[Event "BAN-chT"]
[Site "Dhaka"]
[Date "2018.12.10"]
[Round "5.3"]
[White "Patil, Pratik"]
[Black "Anisuzzaman, Jewel"]
[Result "1/2-1/2"]
[WhiteElo "2178"]
[BlackElo "1902"]
[PlyCount "83"]
[EventDate "2018.12.06"]
[EventType "team-tourn"]
[EventRounds "11"]
[EventCountry "BAN"]
[SourceTitle "CBM 187 Extra"]
[Source "ChessBase"]
[SourceDate "2018.11.04"]
[SourceVersion "1"]
[SourceVersionDate "2018.11.04"]
[SourceQuality "1"]
[WhiteTeam "Sheikh Russel"]
[BlackTeam "Esoft Arena"]
[WhiteTeamCountry "BAN"]
[BlackTeamCountry "BAN"]

1. e4 g6 2. d4 Bg7 3. Nc3 d6 4. Nf3 a6 5. a4 Nc6 6. Be3 Nf6 7. h3 0-0 8. Bd3 e5 9. dxe5 Nxe5 10. Nxe5 dxe5 11. 0-0 Qe7 12. Bg5 Be6 13. Qd2 Rfe8 14. Rae1 Qc5 15. Kh1 Nh5 16. Ne2 Rac8 17. b3 c6 18. g4 Nf6 19. b4 Qf8 20. f4 exf4 21. Nxf4 b5 22. Nxg6 Nxe4 23. Ne7+ Rxe7 24. Bxe4 Rd7 25. Qf4 Qd6 26. Qxd6 Rxd6 27. axb5 cxb5 28. Rd1 Rxd1 29. Rxd1 Bc3 30. Bb7 Rb8 31. Bxa6 Bxb4 32. Bf4 Rb6 33. Rd8+ Kg7 34. Bc8 Bc3 35. Bxe6 Rxe6 36. Rd3 b4 37. Be3 Re4 38. Kg2 Rc4 39. Kf3 Bf6 40. g5 Be5 41. Rd5 f6 42. Rd7+ 1/2-1/2

[Event "BAN-chT"]
[Site "Dhaka"]
[Date "2018.12.07"]
[Round "2.4"]
[White "Anisuzzaman, Jewel"]
[Black "Bose, Protul Chandra"]
[Result "1-0"]
[WhiteElo "1902"]
[BlackElo "2130"]
[PlyCount "99"]
[EventDate "2018.12.06"]
[EventType "team-tourn"]
[EventRounds "11"]
[EventCountry "BAN"]
[SourceTitle "CBM 187 Extra"]
[Source "ChessBase"]
[SourceDate "2018.11.04"]
[SourceVersion "1"]
[SourceVersionDate "2018.11.04"]
[SourceQuality "1"]
[WhiteTeam "Esoft Arena"]
[BlackTeam "Sonali Bank Sports"]
[WhiteTeamCountry "BAN"]
[BlackTeamCountry "BAN"]

1. c4 e6 2. g3 Nf6 3. Bg2 d5 4. Nf3 c6 5. 0-0 Bd6 6. d4 Nbd7 7. Qc2 0-0 8. Nbd2 e5 9. cxd5 cxd5 10. dxe5 Nxe5 11. Nxe5 Bxe5 12. Nf3 Qc7 13. Qb3 Be6 14. Bg5 Ne4 15. Rac1 Qd6 16. Nxe5 Nxg5 17. Nf3 Ne4 18. Rfd1 b6 19. Nd4 Nc5 20. Qa3 a5 21. Nb3 Rac8 22. Nxc5 bxc5 23. Bxd5 Bxd5 24. e4 Qe5 25. exd5 c4 26. Qc3 Qxc3 27. Rxc3 Rfd8 28. Rd4 Kf8 29. d6 Rc6 30. Rcxc4 Rcxd6 31. Rxd6 Rxd6 32. Rc5 Rd2 33. Rxa5 Rxb2 34. Ra7 g6 35. a4 h5 36. a5 Ra2 37. Kg2 Ra3 38. a6 f6 39. Ra8+ Kf7 40. a7 Kg7 41. Kf1 Ra2 42. Ke1 g5 43. h4 g4 44. Kd1 f5 45. Kc1 f4 46. gxf4 Rxf2 47. Rd8 Ra2 48. a8Q Rxa8 49. Rxa8 g3 50. Ra3 1-0

[Event "BAN-chT"]
[Site "Dhaka"]
[Date "2018.12.06"]
[Round "1.1"]
[White "Kovalev, Vladislav"]
[Black "Anisuzzaman, Jewel"]
[Result "1-0"]
[WhiteElo "2683"]
[BlackElo "1902"]
[PlyCount "97"]
[EventDate "2018.12.06"]
[EventType "team-tourn"]
[EventRounds "11"]
[EventCountry "BAN"]
[SourceTitle "CBM 187 Extra"]
[Source "ChessBase"]
[SourceDate "2018.11.04"]
[SourceVersion "1"]
[SourceVersionDate "2018.11.04"]
[SourceQuality "1"]
[WhiteTeam "Saif Sporting Club"]
[BlackTeam "Esoft Arena"]
[WhiteTeamCountry "BAN"]
[BlackTeamCountry "BAN"]

1. e4 d6 2. d4 Nf6 3. Nc3 g6 4. Bg5 Bg7 5. Qd2 h6 6. Bh4 a6 7. f4 b5 8. e5 b4 9. Nd1 Nd5 10. Bc4 Nb6 11. Bd3 0-0 12. Nf3 c5 13. dxc5 dxc5 14. Be4 Ra7 15. Qxd8 Rxd8 16. Bf2 Rc7 17. a3 Nd5 18. g3 Bb7 19. Nd2 Nd7 20. Ne3 N7b6 21. Nxd5 Nxd5 22. Bf3 e6 23. Ne4 Bf8 24. Ke2 Be7 25. Rhd1 Rdc8 26. h4 h5 27. Rdc1 Kf8 28. c4 bxc3 29. bxc3 c4 30. a4 Bc6 31. Rcb1 Rb7 32. Rxb7 Bxb7 33. Bd4 Bc6 34. Kd1 Rb8 35. Nd2 Ke8 36. Kc2 Kd7 37. Be2 Nb6 38. a5 Nd5 39. Bxc4 Nc7 40. Ba7 Rb7 41. Bb6 Nb5 42. Bd3 Kc8 43. c4 Na3+ 44. Kc3 Rd7 45. Nb3 Bb4+ 46. Kxb4 Rxd3 47. Rxa3 Rxg3 48. Nc5 Rg4 49. Rd3 1-0

[Event "BAN Marcel 1st Div"]
[Site "Dhaka"]
[Date "2018.01.07"]
[Round "9.4"]
[White "Anisuzzaman, Jewel"]
[Black "Hanif, Mollah"]
[Result "1-0"]
[WhiteElo "1936"]
[BlackElo "1854"]
[PlyCount "53"]
[EventDate "2017.12.30"]
[EventType "team-tourn"]
[EventRounds "9"]
[EventCountry "BAN"]
[SourceTitle "CBM 182 Extra"]
[Source "ChessBase"]
[SourceDate "2018.02.23"]
[SourceVersion "1"]
[SourceVersionDate "2018.02.23"]
[SourceQuality "1"]
[WhiteTeam "Esoft Arena"]
[BlackTeam "Mohakhali Pradip Sangah"]
[WhiteTeamCountry "BAN"]
[BlackTeamCountry "BAN"]

1. Nf3 Nf6 2. g3 e6 3. Bg2 Be7 4. 0-0 0-0 5. c4 d5 6. d4 dxc4 7. Ne5 c5 8. e3 cxd4 9. exd4 Qc7 10. Bf4 Bd6 11. Na3 Bxa3 12. bxa3 Nd5 13. Bxd5 exd5 14. Ng6 Qd8 15. Nxf8 Qxf8 16. Re1 Be6 17. Rb1 Qc8 18. Bxb8 Rxb8 19. Qa4 a6 20. Rb6 h6 21. Qb4 Bh3 22. Qd6 g6 23. Reb1 Bf5 24. Rc1 Be4 25. Qf4 Ra8 26. Rd6 Qc7 27. Rxg6+ 1-0

[Event "Dhaka Powertec op-B"]
[Site "Dhaka"]
[Date "2017.07.23"]
[Round "9"]
[White "Anisuzzaman, Jewel"]
[Black "Dewan, Shahidul Amin"]
[Result "1-0"]
[WhiteElo "1950"]
[BlackElo "1902"]
[PlyCount "53"]
[EventDate "2017.07.15"]
[EventType "swiss"]
[EventRounds "9"]
[EventCountry "BAN"]
[SourceTitle "EXT 2018"]
[Source "ChessBase"]
[SourceDate "2017.10.13"]
[SourceVersion "1"]
[SourceVersionDate "2017.10.13"]
[SourceQuality "1"]

1. c4 Nf6 2. Nc3 e6 3. e4 d5 4. e5 Nfd7 5. cxd5 Nxe5 6. Bb5+ c6 7. Qe2 Bd6 8. d4 Ng6 9. dxc6 bxc6 10. Bd3 0-0 11. Nf3 Qc7 12. 0-0 Nd7 13. Re1 Rb8 14. Be3 e5 15. g3 Bb7 16. Rac1 Qa5 17. a3 Rbe8 18. b4 Qd8 19. Ne4 Bb8 20. Bb1 Kh8 21. Nfg5 Nf6 22. Qd1 Nxe4 23. Bxe4 exd4 24. Bxd4 h6 25. Nxf7+ Rxf7 26. Bxg6 Rxe1+ 27. Qxe1 1-0

[Event "Dhaka Powertec op-B"]
[Site "Dhaka"]
[Date "2017.07.15"]
[Round "1"]
[White "Anisuzzaman, Jewel"]
[Black "Kowshik, Chowdhury"]
[Result "0-1"]
[WhiteElo "1950"]
[BlackElo "1647"]
[PlyCount "94"]
[EventDate "2017.07.15"]
[EventType "swiss"]
[EventRounds "9"]
[EventCountry "BAN"]
[SourceTitle "EXT 2018"]
[Source "ChessBase"]
[SourceDate "2017.10.13"]
[SourceVersion "1"]
[SourceVersionDate "2017.10.13"]
[SourceQuality "1"]

1. Nf3 d5 2. g3 Nc6 3. Bg2 Nf6 4. 0-0 e5 5. d3 Bg4 6. Nbd2 Bd6 7. c4 0-0 8. cxd5 Nxd5 9. Nc4 Nde7 10. Bd2 Qd7 11. Bc3 Ng6 12. Re1 Rad8 13. Qb3 Rb8 14. Rac1 Be6 15. Qd1 Bh3 16. Bh1 h6 17. d4 e4 18. Nfd2 f5 19. e3 Bg4 20. Qb3 Kh7 21. Bg2 Be7 22. Bf1 b5 23. Na5 b4 24. Nxc6 bxc3 25. Qxc3 Rb6 26. b4 Bf6 27. a4 h5 28. a5 Rb7 29. a6 Rb6 30. b5 h4 31. Nc4 Rxb5 32. N4e5 Bxe5 33. Bxb5 Bd6 34. Nxa7 hxg3 35. fxg3 Qe7 36. Rf1 Qg5 37. Rf2 f4 38. exf4 Nxf4 39. Bf1 Bf3 40. Nb5 Nd5 41. Qe1 Bf4 42. Rxf3 exf3 43. Qe4+ g6 44. Rc5 c6 45. Kh1 Bxg3 46. Rxc6 Bf2 47. Bg2 Qxg2# 0-1

[Event "Bhubaneswar op 10th"]
[Site "Bhubaneswar"]
[Date "2017.05.26"]
[Round "1"]
[White "Anisuzzaman, Jewel"]
[Black "Tukhaev, Adam"]
[Result "0-1"]
[WhiteElo "1985"]
[BlackElo "2557"]
[PlyCount "58"]
[EventDate "2017.05.26"]
[EventType "swiss"]
[EventRounds "10"]
[EventCountry "IND"]
[SourceTitle "CBM 178 Extra"]
[Source "ChessBase"]
[SourceDate "2017.06.22"]
[SourceVersion "1"]
[SourceVersionDate "2017.06.22"]
[SourceQuality "1"]

1. e4 c5 2. Nf3 e6 3. Nc3 Nc6 4. Be2 Nf6 5. d4 cxd4 6. Nxd4 d6 7. Be3 Be7 8. 0-0 0-0 9. f4 e5 10. Nxc6 bxc6 11. fxe5 dxe5 12. Qxd8 Rxd8 13. Rad1 Be6 14. Rxd8+ Bxd8 15. Bd3 Bb6 16. Bxb6 axb6 17. a4 c5 18. b3 Rd8 19. Ra1 Bxb3 20. a5 bxa5 21. Rxa5 c4 22. Be2 Bxc2 23. Bxc4 h5 24. Ba2 Bxe4 25. Rxe5 Rc8 26. Nd1 Rc2 27. Bb3 Rxg2+ 28. Kf1 Rxh2 29. Re7 Bd5 0-1

[Event "BAN-chT"]
[Site "Dhaka"]
[Date "2016.11.26"]
[Round "4.2"]
[White "Anisuzzaman, Jewel"]
[Black "Mohammad, Alamgir1111"]
[Result "1-0"]
[WhiteElo "2005"]
[BlackElo "1870"]
[PlyCount "185"]
[EventDate "2016.11.23"]
[EventType "team-tourn"]
[EventRounds "9"]
[EventCountry "BAN"]
[SourceTitle "EXT 2018"]
[Source "ChessBase"]
[SourceDate "2017.10.13"]
[SourceVersion "1"]
[SourceVersionDate "2017.10.13"]
[SourceQuality "1"]
[WhiteTeam "Hasan Memorial CC"]
[BlackTeam "Basir Memorial CC"]
[WhiteTeamCountry "BAN"]
[BlackTeamCountry "BAN"]

1. e4 c5 2. Nc3 Nc6 3. Nf3 e6 4. d4 cxd4 5. Nxd4 Nf6 6. Be3 a6 7. Be2 Qc7 8. 0-0 Be7 9. f4 d6 10. Kh1 h5 11. Nxc6 bxc6 12. Bf3 Bb7 13. Qe2 g6 14. Rad1 Ng4 15. Bg1 0-0-0 16. Na4 Rdg8 17. e5 d5 18. Bb6 Qd7 19. Ba7 Kd8 20. c4 Ke8 21. Nb6 Qd8 22. cxd5 exd5 23. Nc4 Kf8 24. Nd6 Bxd6 25. exd6 Qxd6 26. Bd4 Nf6 27. b4 Kg7 28. Qb2 Re8 29. Be5 Qd8 30. Qc3 Re6 31. h3 Rhe8 32. Qd2 Rxe5 33. fxe5 Rxe5 34. Qd4 Qe7 35. Rd2 Kh7 36. Rdf2 Rf5 37. Kg1 Nd7 38. Be2 Rxf2 39. Rxf2 Ne5 40. a3 f6 41. Qb6 f5 42. Bxa6 Bxa6 43. Qxa6 d4 44. Re2 Qd6 45. Qa7+ Kh6 46. Qc5 Qxc5 47. bxc5 Nc4 48. a4 d3 49. Re1 Kg5 50. Rd1 Nb2 51. Rd2 Nxa4 52. Rxd3 Nxc5 53. Rc3 Ne4 54. Rxc6 h4 55. Kf1 Nf6 56. Ke2 Nd5 57. Rd6 Nc3+ 58. Ke3 Ne4 59. Re6 Nc5 60. Re8 Kf6 61. Rc8 Ne6 62. Rc6 Ke5 63. Rb6 g5 64. Rb5+ Kf6 65. Rb6 Ke5 66. Rb2 Nf4 67. Rb5+ Ke6 68. Rb2 Ke5 69. Ra2 Kd5 70. Ra5+ Ke6 71. Kf3 Nd5 72. Ra8 Kf6 73. Ra6+ Kf7 74. Rd6 Nf4 75. Ra6 Kg7 76. Kf2 Kf7 77. Kf3 Kg7 78. Kf2 Kf7 79. Kg1 Kg7 80. Kh2 Ne2 81. Ra2 Nf4 82. g3 hxg3+ 83. Kxg3 Nh5+ 84. Kf3 Kg6 85. Ra6+ Kg7 86. Ke3 Nf4 87. Kd4 Nxh3 88. Ke5 f4 89. Kf5 f3 90. Kg4 f2 91. Ra1 Ng1 92. Rf1 Kg6 93. Rxf2 1-0

[Event "BAN-chB 42nd"]
[Site "Dhaka"]
[Date "2016.10.28"]
[Round "9"]
[White "Anisuzzaman, Jewel"]
[Black "Md, Sariatullah"]
[Result "1/2-1/2"]
[WhiteElo "2005"]
[BlackElo "1976"]
[PlyCount "33"]
[EventDate "2016.10.20"]
[EventType "swiss"]
[EventRounds "11"]
[EventCountry "BAN"]
[SourceTitle "CBM 175 Extra"]
[Source "ChessBase"]
[SourceDate "2016.12.12"]
[SourceVersion "1"]
[SourceVersionDate "2016.12.12"]
[SourceQuality "1"]

1. c4 g6 2. Nc3 Bg7 3. g3 c5 4. Bg2 Nc6 5. Nf3 d6 6. b3 e5 7. Bb2 Nge7 8. e3 e4 9. Ng5 f5 10. f4 d5 11. cxd5 Nxd5 12. Bf1 Ncb4 13. Na4 Bxb2 14. Nxb2 h6 15. Nh3 Qf6 16. Qc1 Be6 17. a3 1/2-1/2

[Event "BAN-chB 42nd"]
[Site "Dhaka"]
[Date "2016.10.24"]
[Round "5"]
[White "Anisuzzaman, Jewel"]
[Black "Mezanur, Rahman"]
[Result "0-1"]
[WhiteElo "2005"]
[BlackElo "1777"]
[PlyCount "88"]
[EventDate "2016.10.20"]
[EventType "swiss"]
[EventRounds "11"]
[EventCountry "BAN"]
[SourceTitle "CBM 175 Extra"]
[Source "ChessBase"]
[SourceDate "2016.12.12"]
[SourceVersion "1"]
[SourceVersionDate "2016.12.12"]
[SourceQuality "1"]

1. Nf3 Nf6 2. b3 d5 3. Bb2 g6 4. g3 Bg7 5. Bg2 0-0 6. 0-0 c5 7. c4 d4 8. d3 Nc6 9. Na3 e5 10. Nc2 Re8 11. e3 Be6 12. Ba3 Nd7 13. b4 dxe3 14. Rb1 exf2+ 15. Rxf2 cxb4 16. Nxb4 Nxb4 17. Bxb4 e4 18. dxe4 Bxc4 19. Rd2 Qb6+ 20. Kh1 Ne5 21. Bd6 Qa6 22. Nxe5 Bxe5 23. Bxe5 Rxe5 24. Rd8+ Re8 25. Rxe8+ Rxe8 26. Qd7 Qc6 27. Qd4 Bxa2 28. Ra1 Bc4 29. e5 Qb5 30. Qxa7 Bd5 31. Re1 Qc6 32. Bxd5 Qxd5+ 33. Kg1 Rc8 34. Rb1 Rc2 35. Qxb7 Rc1+ 36. Kf2 Qd2+ 37. Kf3 Rc3+ 38. Kg4 Qxh2 39. Qb8+ Kg7 40. e6 h5+ 41. Kf4 Qxg3+ 42. Ke4 Qd3+ 43. Ke5 f6+ 44. Kf4 Qf3# 0-1

[Event "BAN-chB 42nd"]
[Site "Dhaka"]
[Date "2016.10.21"]
[Round "2"]
[White "Md, Monir Hossain Zalok"]
[Black "Anisuzzaman, Jewel"]
[Result "0-1"]
[WhiteElo "1770"]
[BlackElo "2005"]
[PlyCount "73"]
[EventDate "2016.10.20"]
[EventType "swiss"]
[EventRounds "11"]
[EventCountry "BAN"]
[SourceTitle "CBM 175 Extra"]
[Source "ChessBase"]
[SourceDate "2016.12.12"]
[SourceVersion "1"]
[SourceVersionDate "2016.12.12"]
[SourceQuality "1"]

1. e4 d5 2. exd5 Qxd5 3. Nc3 Qd6 4. d3 Nf6 5. h3 c6 6. Nf3 Bf5 7. Nh4 Bg6 8. Nxg6 hxg6 9. Qf3 Nbd7 10. a3 Qc7 11. g3 e6 12. Bg2 Bc5 13. Bd2 a5 14. Ne4 Nxe4 15. dxe4 Bd4 16. c3 Ba7 17. Be3 Bxe3 18. Qxe3 Qb6 19. Qxb6 Nxb6 20. 0-0-0 e5 21. Rd3 g5 22. Rhd1 Ke7 23. Kc2 a4 24. Bf1 Ra5 25. Rd6 Nd5 26. R6xd5 cxd5 27. exd5 Kd6 28. Bg2 f5 29. c4 Rc8 30. Kc3 Rac5 31. Bf1 b5 32. Kb4 bxc4 33. Kxa4 Rb8 34. b4 cxb3 35. Rb1 b2 36. f3 e4 37. g4 0-1